000
00255 a2200109 4500
999
_c
12300
_d
12300
008
240117b ||||| |||| 00| 0 eng d
020
_a
9788972129844
082
_a
720
100
_a
Seonghee Yang
245
_a
Architectural details, Vol. IV
942
_2
ddc